000 00293nam a2200109Ia 4500
008 220204s9999 xx 000 0 und d
082 _a678.065:629(540)
_bRAG
100 _aRaghavan, K S V
245 0 _aAutomotive tyre market of India
260 _aCalcutta
_bSaroj & Shanti
_c1981
942 _cREF
999 _c36581
_d36581